Sổ tay chia và tra cứu 12000 độngt ừ tiếng Pháp = La conjugaison 12000 verbes

Salvato in:
Dettagli Bibliografici
Natura: Libro
Lingua:Undetermined
Pubblicazione: Tp. Hồ Chí Minh Tỏng hơpự Tp. Hô fCHí Minh 2003
Soggetti:
Tags: Aggiungi Tag
Nessun Tag, puoi essere il primo ad aggiungerne! !
Thư viện lưu trữ: Trung tâm Học liệu Trường Đại học Cần Thơ
LEADER 00586nam a2200193Ia 4500
001 CTU_87337
008 210402s9999 xx 000 0 und d
020 |c 22000 
082 |a 445.02 
082 |b S450 
245 0 |a Sổ tay chia và tra cứu 12000 độngt ừ tiếng Pháp = 
245 0 |b La conjugaison 12000 verbes 
260 |a Tp. Hồ Chí Minh 
260 |b Tỏng hơpự Tp. Hô fCHí Minh 
260 |c 2003 
650 |a French language 
650 |x Verb 
904 |i Trúc(Tuyến) 
980 |a Trung tâm Học liệu Trường Đại học Cần Thơ